000 01242nam a2200301Ia 4500
003 PE SENCICO BE
005 20251020182440.0
008 200515s9999 xx 000 0 und d
020 _a84-7721-989-3
040 _aPE SENCICO BE
_cPE SENCICO BE
041 _aspa
082 _a526.9
_bM39
100 1 _93285
_aMegias Arnedo, Miguel
_eautor
245 1 0 _aTopografía general para agrícolas /
_cMiguel Megias Arnedo, Jorge Trives Martinez
250 _a[1a ed.]
260 _aValencia :
_bUniversidad Politécnica de Valencia,
_c[2001]
300 _a197 páginas :
_bilustraciones, tablas, gráficos ;
_c24 cm.
504 _aBibliografía: p. 197
505 0 _aSistemas de representación usados en topografía -- Medida de distancias -- Medida de ángulos -- Elementos de sustentación y puesta en estación -- Instrumentos topográficos -- Errores en la medición -- Métodos planimétricos -- Taquimetría
650 1 0 _aTopografía
_94
650 2 0 _aInstrumentos de topografía
_9997
650 2 0 _aMétodos topográficos
_91235
650 2 0 _aTaquimetría
_9912
650 2 0 _aMedición de distancias
_93260
650 2 0 _aLevantamiento topográfico
_9116
700 1 _93286
_aTrives Martinez, Jorge
_eautor
942 _cLIB
_2ddc
999 _c520
_d520